Emergency Cardiology : (Record no. 8044)

MARC details
000 -LEADER
fixed length control field 01013cam a22003257a 4500
001 - CONTROL NUMBER
control field 13472147
003 - CONTROL NUMBER IDENTIFIER
control field OSt
005 - DATE AND TIME OF LATEST TRANSACTION
control field 20221027114104.0
008 - FIXED-LENGTH DATA ELEMENTS--GENERAL INFORMATION
fixed length control field 040128s2003 enka bf 001 0 eng
010 ## - LIBRARY OF CONGRESS CONTROL NUMBER
LC control number 2004296355
015 ## - NATIONAL BIBLIOGRAPHY NUMBER
National bibliography number GBA2-U3842
016 7# - NATIONAL BIBLIOGRAPHIC AGENCY CONTROL NUMBER
Record control number 101170747
Source DNLM
020 ## - INTERNATIONAL STANDARD BOOK NUMBER
International Standard Book Number 0340807199
035 ## - SYSTEM CONTROL NUMBER
System control number (OCoLC)ocm52342173
040 ## - CATALOGING SOURCE
Original cataloging agency NLM
Transcribing agency NLM
Modifying agency OIP
-- DLC
042 ## - AUTHENTICATION CODE
Authentication code lccopycat
050 00 - LIBRARY OF CONGRESS CALL NUMBER
Classification number RC675
Item number .G48 2003
060 00 - NATIONAL LIBRARY OF MEDICINE CALL NUMBER
Classification number 2003 D-441
082 00 - DEWEY DECIMAL CLASSIFICATION NUMBER
Classification number WG100 E32k 2011
100 1# - MAIN ENTRY--PERSONAL NAME
Personal name Tatib,Karim;Bhartia;Uren,Neal;Noran,james;
9 (RLIN) 3766
245 10 - TITLE STATEMENT
Title Emergency Cardiology :
Remainder of title an evidence-based guide to acute cardiac problems
Statement of responsibility, etc. Ratib,Karim;Bhartia;Uren,Neal;Noran,james;
260 ## - PUBLICATION, DISTRIBUTION, ETC. (IMPRINT)
Name of publisher, distributor, etc. Hodder Anold;
Date of publication, distribution, etc. 2011
Place of publication, distribution, etc. uk
300 ## - PHYSICAL DESCRIPTION
Extent viii,278p;
Other physical details ill. ;
Dimensions 20 cm.
504 ## - BIBLIOGRAPHY, ETC. NOTE
Bibliography, etc Includes bibliographical references and index.
650 #0 - SUBJECT ADDED ENTRY--TOPICAL TERM
Topical term or geographic name as entry element Cardiology
9 (RLIN) 3767
650 12 - SUBJECT ADDED ENTRY--TOPICAL TERM
Topical term or geographic name as entry element Heart Diseases
9 (RLIN) 3770
856 42 - ELECTRONIC LOCATION AND ACCESS
Materials specified Publisher description
906 ## - LOCAL DATA ELEMENT F, LDF (RLIN)
a 7
b cbc
c copycat
d 2
e ncip
f 20
g y-gencatlg
942 ## - ADDED ENTRY ELEMENTS (KOHA)
Source of classification or shelving scheme Other/Generic Classification Scheme
Koha item type Open Shelf
Holdings
Withdrawn status Lost status Source of classification or shelving scheme Damaged status Not for loan Home library Current library Date acquired Source of acquisition Inventory number Total Checkouts Full call number Barcode Date last seen Price effective from Koha item type
    Other/Generic Classification Scheme     MUST Main Library MUST Main Library 27/10/2022 Donation 14/37439   WG100 E32k 2011 2022-8034 27/10/2022 27/10/2022 Open Shelf
    Other/Generic Classification Scheme     MUST Main Library MUST Main Library 27/10/2022 Donation 14/37440   WG100 E32k 2011 2022-8035 27/10/2022 27/10/2022 Open Shelf
    Other/Generic Classification Scheme     MUST Main Library MUST Main Library 27/10/2022 Donation 14/37438   WG100 E32k 2011 2022-8036 27/10/2022 27/10/2022 Open Shelf
    Other/Generic Classification Scheme     MUST Main Library MUST Main Library 27/10/2022 Donation 14/37437   WG100 E32k 2011 2022-8037 27/10/2022 27/10/2022 Open Shelf